[Event "ICS rated bullet match"]
[Site "204.178.125.65"]
[Date "2000.11.24"]
[Round "?"]
[White "speX"]
[Black "Hossa"]
[Result "0-1"]
[WhiteElo "1958"]
[BlackElo "2569"]
[PlyCount "48"]
[EventDate "2000.??.??"]

1. e4 e5 2. Nf3 Nc6 3. Nc3 Nf6 4. d4 exd4 5. Nxd4 Bc5 6. Nxc6 dxc6 7. Be2 Bd4
8. O-O Bxc3 9. bxc3 Qxd1 10. Rxd1 Nxe4 11. Bd3 Nd6 12. Re1+ Be6 13. Bb2 Rd8 14.
c4 Kf8 15. c5 Nb5 16. Rab1 Bxa2 17. Ra1 Be6 18. Bxb5 cxb5 19. Rxa7 Bc8 20. Ra8
f6 21. c6 bxc6 22. Ba3+ Kf7 23. Re7+ Kg6 24. Rxc7 Rd1# {speX checkmated} 0-1

[Event "ICS rated bullet match"]
[Site "204.178.125.65"]
[Date "2000.11.24"]
[Round "?"]
[White "speX"]
[Black "Hossa"]
[Result "0-1"]
[WhiteElo "1956"]
[BlackElo "2571"]
[PlyCount "20"]
[EventDate "2000.??.??"]

1. e4 e5 2. Nf3 Nc6 3. Nc3 Nf6 4. d4 exd4 5. Nxd4 Bc5 6. Nxc6 dxc6 7. Be2 Bd4
8. O-O Bxc3 9. bxc3 Qxd1 10. Bd3 Qh5 {speX resigns} 0-1

[Event "ICS rated bullet match"]
[Site "204.178.125.65"]
[Date "2000.11.24"]
[Round "?"]
[White "speX"]
[Black "Hossa"]
[Result "1/2-1/2"]
[WhiteElo "1954"]
[BlackElo "2573"]
[PlyCount "66"]
[EventDate "2000.??.??"]

1. e4 e5 2. Nf3 Nf6 3. Nc3 Bb4 4. Nd5 Nxd5 5. exd5 e4 6. Nd4 Qg5 7. c3 Qxd5 8.
cxb4 Qxd4 9. Rb1 Nc6 10. b3 Nxb4 11. Bb2 Nd3+ 12. Bxd3 Qxd3 13. Rc1 O-O 14. Rc3
Qa6 15. Rg3 g6 16. d3 Qxa2 17. Qc1 Qxb3 18. O-O exd3 19. Ba1 Qc2 20. Qh6 f6 21.
Rxg6+ hxg6 22. Qxg6+ Kh8 23. Qh6+ Kg8 24. Qg6+ Kh8 25. Qh6+ Kg8 26. Qg6+ Kh8
27. Qh6+ Kg8 28. Qg6+ Kh8 29. Qh6+ Kg8 30. Qg6+ Kh8 31. Qh6+ Kg8 32. Qg6+ Kh8
33. Qh6+ Kg8 {Game drawn by repetition} 1/2-1/2

[Event "ICS rated bullet match"]
[Site "204.178.125.65"]
[Date "2000.11.24"]
[Round "?"]
[White "Hossa"]
[Black "speX"]
[Result "1-0"]
[WhiteElo "2558"]
[BlackElo "1969"]
[PlyCount "35"]
[EventDate "2000.??.??"]

1. d4 d5 2. c4 c6 3. cxd5 cxd5 4. Nc3 Nf6 5. Nf3 Nc6 6. Bf4 e6 7. e3 Be7 8. h3
O-O 9. a3 Nh5 10. Bh2 f5 11. Bd3 Nf6 12. Nb5 Bd7 13. Bc7 Qe8 14. Nd6 Qg6 15.
Nxb7 Ne4 16. g3 Nxg3 17. Bxg3 f4 18. Bxg6 {speX resigns} 1-0

[Event "ICS rated bullet match"]
[Site "204.178.125.65"]
[Date "2000.11.24"]
[Round "?"]
[White "speX"]
[Black "Hossa"]
[Result "0-1"]
[WhiteElo "1968"]
[BlackElo "2559"]
[PlyCount "40"]
[EventDate "2000.??.??"]

1. e4 e5 2. Nf3 Nc6 3. Nc3 Nf6 4. d4 exd4 5. Nxd4 Bc5 6. Nxc6 dxc6 7. Be2 Bd4
8. O-O Bxc3 9. bxc3 Qxd1 10. Rxd1 Nxe4 11. Bd3 Nd6 12. Re1+ Be6 13. Ba3 b6 14.
Be4 Nxe4 15. Rxe4 O-O-O 16. f4 Rd2 17. g4 Rxc2 18. f5 Bd5 19. Re7 Rg2+ 20. Kf1
Rxh2 {speX resigns} 0-1

[Event "ICS rated blitz match"]
[Site "204.178.125.65"]
[Date "2000.11.24"]
[Round "?"]
[White "Hossa"]
[Black "NewStart"]
[Result "0-1"]
[WhiteElo "2578"]
[BlackElo "2596"]
[PlyCount "92"]
[EventDate "2000.??.??"]

1. e4 c6 2. d4 d5 3. e5 c5 4. Nf3 cxd4 5. Nxd4 e6 6. Be3 Nc6 7. Nxc6 bxc6 8.
Nd2 Ne7 9. Bd3 Nf5 10. Bxf5 exf5 11. Nf3 Be7 12. Qd3 a5 13. Nd4 Qd7 14. a4 O-O
15. O-O c5 16. Nb5 d4 17. Bf4 Bb7 18. Qg3 g6 19. Nd6 Bxd6 20. exd6 Rfe8 21.
Rfd1 Re2 22. c3 Rae8 23. cxd4 cxd4 24. Bg5 R8e6 25. Be7 Qc6 26. Qg5 d3 27. f3
d2 28. Rf1 Qb6+ 29. Kh1 Kg7 30. Qf4 Qxb2 31. Rad1 Re1 32. Qh4 Rxf1+ 33. Rxf1
Qc1 34. Qd4+ Kg8 35. Rg1 Re1 36. h4 Rxg1+ 37. Qxg1 d1=Q 38. Qxd1 Qxd1+ 39. Kh2
f6 40. h5 g5 41. h6 Kf7 42. Kg3 Qg1 43. Bxf6 Kxf6 44. d7 f4+ 45. Kh3 Qh1+ 46.
Kg4 Qh4# {Hossa checkmated} 0-1

[Event "ICS rated bullet match"]
[Site "204.178.125.65"]
[Date "2000.11.24"]
[Round "?"]
[White "Hossa"]
[Black "CyberTal"]
[Result "1-0"]
[WhiteElo "2560"]
[BlackElo "2230"]
[PlyCount "65"]
[EventDate "2000.??.??"]

1. d4 a6 2. Nc3 e6 3. e4 c5 4. d5 d6 5. Nf3 e5 6. Bd3 b5 7. O-O Nf6 8. Be3 g6
9. a4 b4 10. Nb1 Bg7 11. c3 a5 12. cxb4 cxb4 13. Bb5+ Bd7 14. Nbd2 O-O 15. Rc1
Bxb5 16. axb5 Qd7 17. Qa4 Ne8 18. Bb6 Qb7 19. Bxa5 Nd7 20. Qxb4 Nc5 21. Ra1 Nc7
22. b6 N7a6 23. Qc4 Rfc8 24. Qe2 Nb8 25. b4 Nca6 26. Nc4 Rd8 27. Rfb1 Nd7 28.
Nxd6 Qb8 29. b7 Ra7 30. Bxd8 Qxd8 31. Rc1 Nb6 32. Rc8 Nxc8 33. bxc8=Q {
CyberTal resigns} 1-0

[Event "ICS rated bullet match"]
[Site "204.178.125.65"]
[Date "2000.11.24"]
[Round "?"]
[White "Hossa"]
[Black "FifthAvenue"]
[Result "1-0"]
[WhiteElo "2564"]
[BlackElo "2373"]
[PlyCount "97"]
[EventDate "2000.??.??"]

1. d4 e6 2. e3 d6 3. Nf3 a6 4. e4 Be7 5. Bd3 Nd7 6. O-O c5 7. c3 Qc7 8. Bf4
Ngf6 9. Na3 Nh5 10. Be3 O-O 11. Ng5 Nhf6 12. Rc1 h6 13. Nf3 b6 14. Nd2 Bb7 15.
Re1 Rac8 16. Bf4 Rfe8 17. Nac4 b5 18. Ne3 Nf8 19. e5 Nd5 20. exd6 Bxd6 21. Bxd6
Qxd6 22. Ne4 Qf4 23. Nxc5 Ba8 24. Nxa6 Nxe3 25. fxe3 Qg5 26. Qe2 Bd5 27. Bxb5
Bxa2 28. Bxe8 Rxe8 29. Nc5 Ng6 30. b3 Bxb3 31. Nxb3 Nh4 32. Rf1 e5 33. Qf2 Re7
34. d5 Rd7 35. Ra1 Kh7 36. e4 Ng6 37. Nc5 Rc7 38. d6 Rc8 39. d7 Rd8 40. Qxf7
Nf4 41. Ra2 Nd3 42. Nxd3 Rxd7 43. Qxd7 Qg6 44. Nc5 Qg5 45. Qf5+ Qg6 46. Qxe5
Qf6 47. Rxf6 gxf6 48. Ra7+ Kg8 49. Qb8# {FifthAvenue checkmated} 1-0

[Event "ICS rated blitz match"]
[Site "204.178.125.65"]
[Date "2000.11.24"]
[Round "?"]
[White "janderson"]
[Black "Hossa"]
[Result "1-0"]
[WhiteElo "2461"]
[BlackElo "2563"]
[PlyCount "87"]
[EventDate "2000.??.??"]

1. c4 Nf6 2. Nc3 e5 3. g3 c6 4. Nf3 e4 5. Nd4 d5 6. cxd5 cxd5 7. Bg2 Bc5 8. Nb3
Bb6 9. d3 Ng4 10. d4 O-O 11. h3 Nf6 12. Bg5 Be6 13. Nc5 Qe7 14. O-O Bxc5 15.
dxc5 Rd8 16. b4 Nc6 17. b5 Na5 18. Qd4 Rac8 19. Na4 Nc4 20. Rac1 Rd7 21. f3 e3
22. f4 Rdd8 23. f5 Bd7 24. Bxd5 Ne5 25. Nc3 Rxc5 26. Qxe3 Bxb5 27. Bxb7 a5 28.
Rfd1 Rxd1+ 29. Rxd1 Bc6 30. Bxc6 Rxc6 31. Nd5 Qe8 32. Bxf6 Rxf6 33. Rc1 Rxf5
34. Ne7+ Kf8 35. Nxf5 Ng6 36. Qa3+ Kg8 37. Qb2 f6 38. Qb7 Ne7 39. Nxe7+ Kf7 40.
Rc7 Kf8 41. Nf5 g5 42. Rc8 Qxc8 43. Qe7+ Kg8 44. Qg7# {Hossa checkmated} 1-0

[Event "ICS rated blitz match"]
[Site "204.178.125.65"]
[Date "2000.11.24"]
[Round "?"]
[White "Hossa"]
[Black "j724"]
[Result "1-0"]
[WhiteElo "2543"]
[BlackElo "2072"]
[PlyCount "37"]
[EventDate "2000.??.??"]

1. d4 Nf6 2. c4 c5 3. Nf3 g6 4. dxc5 Bg7 5. Nc3 Qa5 6. Qa4 Qxc5 7. Be3 Qc6 8.
Nb5 O-O 9. Nfd4 Qa6 10. Qb4 Nc6 11. Nxc6 Qxc6 12. Bxa7 d5 13. Qxe7 Qxc4 14. e3
Qa4 15. Bd4 Re8 16. Qa3 Qxa3 17. Nxa3 Bd7 18. Bb5 Rac8 19. Bxf6 {j724 resigns}
1-0

[Event "ICS rated blitz match"]
[Site "204.178.125.65"]
[Date "2000.11.24"]
[Round "?"]
[White "j724"]
[Black "Hossa"]
[Result "0-1"]
[WhiteElo "2070"]
[BlackElo "2545"]
[PlyCount "42"]
[EventDate "2000.??.??"]

1. d4 Nf6 2. Nf3 g6 3. Bf4 Bg7 4. Qc1 O-O 5. Bh6 d5 6. h4 Bxh6 7. Qxh6 Ng4 8.
Qd2 f6 9. Nc3 c6 10. e4 dxe4 11. Nxe4 Qd5 12. Bd3 Bf5 13. c4 Qe6 14. Qe2 Na6
15. a3 Qd7 16. O-O-O e6 17. h5 g5 18. Ng3 Bxd3 19. Qxd3 Nxf2 20. Qc2 Nxh1 21.
Rxh1 g4 {j724 resigns} 0-1

[Event "ICS rated blitz match"]
[Site "204.178.125.65"]
[Date "2000.11.24"]
[Round "?"]
[White "Killabeezonatak"]
[Black "Hossa"]
[Result "0-1"]
[WhiteElo "2071"]
[BlackElo "2547"]
[PlyCount "52"]
[EventDate "2000.??.??"]

1. e4 c6 2. Nc3 g6 3. Nf3 Bg7 4. d4 d5 5. e5 f6 6. Bd3 Bg4 7. h3 Bxf3 8. Qxf3
fxe5 9. dxe5 Bxe5 10. O-O Nd7 11. Re1 Qc7 12. Bg5 O-O-O 13. Ne2 Rf8 14. Qe3 c5
15. f4 Bxb2 16. Rab1 Bf6 17. Bxf6 Ngxf6 18. Nc3 d4 19. Qf3 dxc3 20. Rxe7 c4 21.
Bxc4 Qxc4 22. Qxb7+ Kd8 23. Rbe1 Qc5+ 24. Kh1 Qb6 25. Qa8+ Kc7 26. R1e6 Rxa8 {
Killabeezonatak resigns} 0-1

[Event "ICS rated blitz match"]
[Site "204.178.125.65"]
[Date "2000.11.24"]
[Round "?"]
[White "Hossa"]
[Black "Killabeezonatak"]
[Result "1-0"]
[WhiteElo "2549"]
[BlackElo "2069"]
[PlyCount "61"]
[EventDate "2000.??.??"]

1. d4 d5 2. c4 e6 3. Nf3 c6 4. Nbd2 Nf6 5. g3 Bb4 6. e3 O-O 7. a3 Bxd2+ 8. Bxd2
Ne4 9. Bc1 f5 10. Bd3 Nd7 11. cxd5 cxd5 12. b3 g5 13. Bb2 g4 14. Nd2 Ndf6 15.
Rc1 Ng5 16. Rc2 Nfe4 17. Be2 b6 18. a4 Nxd2 19. Rxd2 a5 20. Ba3 Rf7 21. Rc2 Ba6
22. Bxa6 Nf3+ 23. Ke2 Rxa6 24. Qc1 Ra8 25. Rc6 e5 26. dxe5 d4 27. Rd6 Rd7 28.
Qc4+ Kh8 29. Qe6 Rxd6 30. exd6 dxe3 31. Bb2+ {Killabeezonatak resigns} 1-0

[Event "ICS rated standard match"]
[Site "204.178.125.65"]
[Date "2000.11.24"]
[Round "?"]
[White "Alessandro"]
[Black "Hossa"]
[Result "1-0"]
[WhiteElo "2327"]
[BlackElo "2273"]
[PlyCount "63"]
[EventDate "2000.??.??"]

1. e4 e5 2. Nf3 Nc6 3. Bb5 a6 4. Ba4 Nf6 5. O-O Be7 6. c3 Nxe4 7. Re1 Nc5 8.
Bxc6 dxc6 9. Nxe5 O-O 10. d4 Nd7 11. Nf3 Nb6 12. Bf4 Bg4 13. h3 Be6 14. Nbd2 c5
15. Ne4 cxd4 16. Nxd4 Bd7 17. Qh5 Rb8 18. Rad1 Rc8 19. Nf5 Re8 20. Nxg7 Kxg7
21. Qh6+ Kg8 22. Be5 Bf8 23. Nf6+ Qxf6 24. Qxf6 Rxe5 25. Rxe5 h6 26. Rd3 Bf5
27. Rxf5 Bd6 28. Qxf7+ Kh8 29. Rh5 Bf4 30. Rg3 Bg5 31. Rgxg5 Re8 32. Rxh6# {
Hossa checkmated} 1-0

[Event "ICS rated blitz match"]
[Site "204.178.125.65"]
[Date "2000.11.24"]
[Round "?"]
[White "Hossa"]
[Black "NJITchess"]
[Result "1-0"]
[WhiteElo "2551"]
[BlackElo "1954"]
[PlyCount "55"]
[EventDate "2000.??.??"]

1. d4 Nf6 2. c4 g6 3. Nc3 Bg7 4. e4 d6 5. Nf3 O-O 6. Be2 e5 7. O-O Nc6 8. d5
Ne7 9. Ne1 Ne8 10. f4 f5 11. fxe5 Bxe5 12. exf5 Bxf5 13. Bh6 Bg7 14. Bxg7 Nxg7
15. Nd3 Bd7 16. Rxf8+ Qxf8 17. Qb3 b6 18. Rf1 Qc8 19. Ne4 Kh8 20. Qc3 Nef5 21.
Nf6 Qd8 22. Bg4 Bc8 23. Bxf5 Bxf5 24. Nb4 Bd7 25. Nxh7 Kxh7 26. Rf7 Qg8 27.
Rxd7 c5 28. Qh3# {NJITchess checkmated} 1-0

[Event "ICS rated bullet match"]
[Site "204.178.125.65"]
[Date "2000.11.24"]
[Round "?"]
[White "abroz"]
[Black "Hossa"]
[Result "0-1"]
[WhiteElo "2331"]
[BlackElo "2572"]
[PlyCount "40"]
[EventDate "2000.??.??"]

1. e4 c6 2. d4 d5 3. Nc3 dxe4 4. Nxe4 Nd7 5. Bc4 Ndf6 6. Ng5 e6 7. N1f3 h6 8.
Nh3 Bd6 9. Bf4 Ne7 10. Qd2 O-O 11. O-O-O b5 12. Bd3 Bxf4 13. Nxf4 a5 14. h3 Bb7
15. g4 c5 16. dxc5 Bxf3 17. Qe3 Bxh1 18. Rxh1 Ned5 19. Nxd5 Qxd5 20. Rd1 Qxa2 {
abroz resigns} 0-1

[Event "ICS rated blitz match"]
[Site "204.178.125.65"]
[Date "2000.11.24"]
[Round "?"]
[White "Hossa"]
[Black "janderson"]
[Result "0-1"]
[WhiteElo "2552"]
[BlackElo "2483"]
[PlyCount "256"]
[EventDate "2000.??.??"]

1. d4 Nf6 2. c4 g6 3. Nc3 Bg7 4. e4 d6 5. Nf3 O-O 6. Be2 e5 7. O-O Nc6 8. d5
Ne7 9. Ne1 Nd7 10. Nd3 f5 11. Bg5 h6 12. Bd2 Nf6 13. f3 Rf7 14. Qb3 a5 15. c5
a4 16. Qb4 a3 17. bxa3 Ne8 18. Be3 dxc5 19. Nxc5 Nd6 20. Nb5 Rf6 21. Nxd6 Qxd6
22. Bc4 b6 23. Rad1 Kh7 24. Ne6 fxe4 25. fxe4 Rxf1+ 26. Rxf1 Bxe6 27. dxe6 Nc8
28. Qe1 Ra4 29. Qe2 Ne7 30. Rf2 Qxa3 31. Bd2 Qb2 32. Qf1 Qd4 33. Bb3 Ra8 34.
Qe2 Rf8 35. Qe3 Rxf2 36. Kxf2 Qd6 37. Bc3 Nc6 38. Be1 Nd4 39. Qd2 Qe7 40. Kg1
Nxb3 41. axb3 Qxe6 42. Qc2 Qd6 43. Kf2 c5 44. Kf1 Kg8 45. Bd2 Kf7 46. Be3 h5
47. g3 Bh8 48. Bg5 Bf6 49. Be3 Ke7 50. Kg2 g5 51. Qe2 g4 52. Qf1 Qd7 53. Qa6
Qd1 54. Qb7+ Kf8 55. Bf2 Bd8 56. Qc8 Ke7 57. Qb7+ Qd7 58. Qa6 Bc7 59. Qe2 Qc6
60. Qd3 b5 61. Qe3 Kd7 62. Qe2 c4 63. bxc4 bxc4 64. Qc2 Ke6 65. Be3 c3 66. h4
gxh3+ 67. Kxh3 Kd7 68. Kh4 Qe6 69. Qd1+ Kc6 70. Bg5 Qa2 71. Kxh5 c2 72. Qf1 Qb3
73. g4 Qb5 74. Qf7 Qd3 75. Qe6+ Kc5 76. Qf7 Kb6 77. Qf2+ Kc6 78. Qa7 Qb3 79.
Qa6+ Kc5 80. Qa7+ Kd6 81. Qa6+ Bb6 82. Qb7 Kc5 83. Qd7 Kb4 84. Qd6+ Ka4 85.
Qxe5 Qh3+ 86. Kg6 Qxg4 87. Qe8+ Kb4 88. Qe7+ Bc5 89. Qb7+ Kc3 90. Qd5 Qg1 91.
Qd2+ Kb2 92. Qe2 Bd4 93. Qb5+ Ka2 94. Qc4+ Kb1 95. Kf5 Bb2 96. e5 Qf2+ 97. Qf4
Qa7 98. Qc4 Qh7+ 99. Kg4 Qg7 100. Qd3 Qg8 101. Kh4 Qh8+ 102. Kg4 Qc8+ 103. Kh4
Bxe5 104. Qf1+ Ka2 105. Qf7+ Kb2 106. Qf1 Qc6 107. Kh5 Qd5 108. Kg6 Qd6+ 109.
Kf7 Qd7+ 110. Kg6 Qe8+ 111. Kh6 Qh8+ 112. Kg6 Qg7+ 113. Kh5 Qh7+ 114. Kg4 Qd7+
115. Kh4 Ka2 116. Qc4+ Kb1 117. Qf1+ Qd1 118. Qf5 Qe2 119. Qc8 Qf3 120. Be7
c1=Q 121. Qxc1+ Kxc1 122. Kg5 Qf7 123. Ba3+ Kd2 124. Bb4+ Ke3 125. Be1 Bf4+
126. Kg4 Qg6+ 127. Kh4 Kf3 128. Bc3 Qg4# {Hossa checkmated} 0-1

[Event "ICS rated blitz match"]
[Site "204.178.125.65"]
[Date "2000.11.24"]
[Round "?"]
[White "Valg"]
[Black "Hossa"]
[Result "0-1"]
[WhiteElo "2759"]
[BlackElo "2532"]
[PlyCount "96"]
[EventDate "2000.??.??"]

1. e4 c6 2. d4 d5 3. Nc3 dxe4 4. Nxe4 Nd7 5. Bc4 Ndf6 6. Ng5 e6 7. N1f3 h6 8.
Nh3 Bd6 9. Qe2 Ne7 10. Bd2 O-O 11. O-O Qb6 12. Rab1 Qc7 13. Rbe1 Rd8 14. g3 c5
15. c3 cxd4 16. cxd4 Qb6 17. Rb1 g5 18. Qe3 Nf5 19. Qe1 Nxd4 20. Nxd4 Qxd4 21.
Ba5 b6 22. Bc3 Qxc4 23. Bxf6 Ba6 24. Bxd8 Qxf1+ 25. Qxf1 Bxf1 26. Rd1 Rxd8 27.
Kxf1 Bc7 28. Rxd8+ Bxd8 29. Ke2 Bf6 30. b3 Bd4 31. Kd3 Bc5 32. f3 f5 33. Ke2 e5
34. g4 fxg4 35. fxg4 Kf7 36. Nf2 Bxf2 37. Kxf2 Ke6 38. Ke3 Kd5 39. Kd3 e4+ 40.
Ke3 a6 41. a3 a5 42. b4 axb4 43. axb4 b5 44. h3 Ke5 45. Ke2 Kd4 46. Kf1 e3 47.
Ke2 Ke4 48. Kf1 Kf3 {Valg resigns} 0-1

[Event "ICS rated blitz match"]
[Site "204.178.125.65"]
[Date "2000.11.24"]
[Round "?"]
[White "Hossa"]
[Black "D-Zagorskis"]
[Result "1-0"]
[WhiteElo "2557"]
[BlackElo "2521"]
[PlyCount "133"]
[EventDate "2000.??.??"]

1. d4 Nf6 2. c4 e6 3. Nf3 d5 4. Nc3 Nbd7 5. cxd5 exd5 6. e3 c6 7. Bd3 Bd6 8.
O-O O-O 9. b3 Re8 10. a3 Nf8 11. Bb2 Bg4 12. h3 Bh5 13. Qc2 Bg6 14. Bf5 Ne6 15.
Bxg6 hxg6 16. Rfe1 Nc7 17. e4 Nxe4 18. Nxe4 dxe4 19. Rxe4 Rxe4 20. Qxe4 Qe8 21.
Re1 Qxe4 22. Rxe4 f6 23. g3 Kf7 24. Nd2 Nd5 25. Nc4 Bc7 26. Re2 g5 27. Kg2 Rd8
28. Kf3 Rg8 29. Re1 Rh8 30. Kg2 Ne7 31. Bc3 Nf5 32. a4 Rd8 33. Re4 Nd6 34.
Nxd6+ Bxd6 35. Re1 Bf8 36. Kf3 Rd5 37. b4 a6 38. Ke3 Be7 39. f3 f5 40. Kd3 Bf6
41. Kc4 Be7 42. Re2 Rd8 43. Re5 g6 44. Re2 Rh8 45. Rh2 Bf6 46. Bb2 Ke6 47. Kc5
Kd7 48. Kb6 Kc8 49. d5 Bxb2 50. Rxb2 cxd5 51. Rc2+ Kb8 52. Rc7 Rxh3 53. Rxb7+
Kc8 54. Ra7 Rxg3 55. Kc6 Kb8 56. Rxa6 d4 57. Kc5 d3 58. Rxg6 Rxf3 59. Kb6 Kc8
60. Rxg5 d2 61. Rg8+ Kd7 62. Rg1 Rd3 63. Rd1 f4 64. a5 f3 65. a6 Rd6+ 66. Kb7
Rd4 67. b5 {D-Zagorskis resigns} 1-0

[Event "ICS rated blitz match"]
[Site "204.178.125.65"]
[Date "2000.11.24"]
[Round "?"]
[White "Valg"]
[Black "Hossa"]
[Result "1-0"]
[WhiteElo "2790"]
[BlackElo "2571"]
[PlyCount "129"]
[EventDate "2000.??.??"]

1. e4 c6 2. d4 d5 3. Nc3 dxe4 4. Nxe4 Nd7 5. Bc4 Ndf6 6. Ng5 e6 7. Ne2 Bd6 8.
O-O Ne7 9. Nf4 Qc7 10. Nh5 Bxh2+ 11. Kh1 Nf5 12. Nxf6+ gxf6 13. Ne4 Ke7 14. g3
Bxg3 15. Nxg3 Nxg3+ 16. fxg3 Qxg3 17. Qh5 Rg8 18. Qh2 Qg4 19. Rf4 Qd1+ 20. Bf1
e5 21. b3 Ke8 22. Bb2 Be6 23. Rxd1 Bd5+ 24. Bg2 Rxg2 25. Qxg2 exf4 26. Rf1
Bxg2+ 27. Kxg2 Ke7 28. Rxf4 Rd8 29. Ba3+ Ke6 30. Re4+ Kf5 31. Kf3 Rd5 32. Bc5
Rd8 33. Rh4 Ke6 34. c3 b6 35. Re4+ Kd7 36. Re7+ Kc8 37. Ba3 Rd7 38. Re4 Rd5 39.
Re8+ Rd8 40. Rxd8+ Kxd8 41. c4 a5 42. Kg4 Kd7 43. d5 b5 44. cxb5 cxd5 45. Bb2
Kd6 46. Bxf6 Kc5 47. a4 Kd6 48. Bc3 Kc5 49. Bxa5 d4 50. Kf5 h5 51. Ke4 h4 52.
Bc7 f5+ 53. Kd3 h3 54. b4+ Kd5 55. Bf4 h2 56. Bxh2 Ke6 57. b6 Kd7 58. b7 Ke7
59. b8=Q Kd7 60. Qd6+ Ke8 61. Qe6+ Kf8 62. Be5 f4 63. Bf6 f3 64. Qe7+ Kg8 65.
Qg7# {Hossa checkmated} 1-0

[Event "ICS rated blitz match"]
[Site "204.178.125.65"]
[Date "2000.11.24"]
[Round "?"]
[White "Hossa"]
[Black "Valg"]
[Result "0-1"]
[WhiteElo "2564"]
[BlackElo "2763"]
[PlyCount "154"]
[EventDate "2000.??.??"]

1. e4 e5 2. Nf3 Nc6 3. Bb5 a6 4. Ba4 Nf6 5. O-O Be7 6. c3 b5 7. Bc2 O-O 8. d4
d6 9. d5 Nb8 10. Na3 c6 11. Bg5 h6 12. Be3 Bb7 13. dxc6 Bxc6 14. Nd2 d5 15.
exd5 Nxd5 16. Nab1 Nxe3 17. fxe3 Bc5 18. Re1 Qh4 19. Nb3 Rd8 20. Qe2 Bb6 21.
N1d2 Nd7 22. Rf1 Qg5 23. Rae1 Bxe3+ 24. Kh1 Bf4 25. Be4 Bxe4 26. Nxe4 Qg6 27.
Qf3 Qe6 28. g3 Bg5 29. Nd4 Qxa2 30. Ra1 Qd5 31. Nxg5 Qxf3+ 32. Ngxf3 exd4 33.
cxd4 Nf6 34. Ra5 Nd5 35. Ne5 Nb4 36. Rxf7 Rxd4 37. Rf4 Rxf4 38. gxf4 Rc8 39. b3
Rc1+ 40. Kg2 Rc3 41. Ra3 Nd5 42. Rxa6 Nxf4+ 43. Kf2 Rxb3 44. Ra7 b4 45. Rd7 Rc3
46. Rb7 b3 47. Kg1 Kh7 48. Kf2 Ne6 49. Rb6 Nc5 50. Kg2 Rc2+ 51. Kg3 b2 52. Nf3
Ne4+ 53. Kh3 Nc3 54. Nd4 Rd2 55. Nf3 Re2 56. Nd4 Re3+ 57. Kg2 b1=Q 58. Rxb1
Nxb1 59. Kf2 Re4 60. Nc6 Kg6 61. Kg3 Nc3 62. Kf3 Kg5 63. Kg3 Re3+ 64. Kf2 Nd1+
65. Kg2 Ra3 66. Kg1 Ne3 67. Nb4 Kf4 68. Kf2 Rb3 69. Nc6 Rb2+ 70. Ke1 Rxh2 71.
Ne5 Nc2+ 72. Kf1 Kxe5 73. Kg1 Rd2 74. Kf1 Ke4 75. Kg1 Kf4 76. Kf1 Kg3 77. Kg1
Rd1# {Hossa checkmated} 0-1

[Event "ICS rated blitz match"]
[Site "204.178.125.65"]
[Date "2000.11.24"]
[Round "?"]
[White "Hossa"]
[Black "Valg"]
[Result "1/2-1/2"]
[WhiteElo "2556"]
[BlackElo "2764"]
[PlyCount "131"]
[EventDate "2000.??.??"]

1. e4 e5 2. Nc3 Nf6 3. Nf3 Nc6 4. Bb5 Bb4 5. O-O O-O 6. d3 d6 7. Bg5 Bxc3 8.
bxc3 Qe7 9. Re1 Nd8 10. d4 Ne6 11. Bc1 c5 12. Bc4 Rd8 13. Ba3 exd4 14. cxd4
Nxd4 15. Nxd4 cxd4 16. Qxd4 Be6 17. Be2 Rac8 18. Bd3 b6 19. f3 Rc6 20. e5 dxe5
21. Qxb6 Rxb6 22. Bxe7 Rd5 23. g4 Kh8 24. h4 h6 25. Kg2 Ng8 26. Bf8 Nf6 27.
Rad1 h5 28. g5 Nd7 29. Be7 Rb2 30. a3 Nc5 31. Bxc5 Rxc5 32. Be4 g6 33. Rb1 Ra2
34. Ra1 Rxa1 35. Rxa1 Bf5 36. Bxf5 gxf5 37. Ra2 Kg7 38. a4 Rc4 39. Kh3 f6 40.
gxf6+ Kxf6 41. a5 e4 42. fxe4 fxe4 43. a6 Rc3+ 44. Kg2 Kf5 45. Rb2 Rc6 46. Ra2
Kf4 47. Kf2 Rc3 48. Rb2 Ra3 49. Rb7 Rxa6 50. Rf7+ Kg4 51. Ke3 Kxh4 52. Kxe4 Kg5
53. c4 Ra5 54. c5 Rxc5 55. Rg7+ Kf6 56. Rxa7 h4 57. Ra6+ Kg5 58. Kf3 Rc3+ 59.
Kg2 Rg3+ 60. Kh2 Rg4 61. Ra5+ Kf4 62. Ra4+ Kf3 63. Rxg4 Kxg4 64. Kg2 Kf4 65.
Kh2 h3 66. Kxh3 {Game drawn because neither player has mating material} 1/2-1/2

[Event "ICS rated blitz match"]
[Site "204.178.125.65"]
[Date "2000.11.24"]
[Round "?"]
[White "NJITchess"]
[Black "Hossa"]
[Result "0-1"]
[WhiteElo "1908"]
[BlackElo "2565"]
[PlyCount "22"]
[EventDate "2000.??.??"]

1. e4 c5 2. Nf3 e6 3. d3 d5 4. Be2 dxe4 5. dxe4 Qxd1+ 6. Bxd1 Be7 7. O-O Nc6 8.
c3 Nf6 9. Re1 O-O 10. Bf4 Rd8 11. h3 Nxe4 {NJITchess resigns} 0-1

[Event "ICS rated blitz match"]
[Site "204.178.125.65"]
[Date "2000.11.24"]
[Round "?"]
[White "Yace"]
[Black "Hossa"]
[Result "1-0"]
[WhiteElo "2718"]
[BlackElo "2566"]
[PlyCount "103"]
[EventDate "2000.??.??"]

1. e4 e5 2. Nf3 Nc6 3. Nc3 Nf6 4. d4 exd4 5. Nd5 Nb4 6. Nxf6+ Qxf6 7. Bc4 d6 8.
a3 Nc6 9. Bb5 Bd7 10. O-O h6 11. Qd3 O-O-O 12. Bxc6 Bxc6 13. Nxd4 Bd7 14. Bd2
Re8 15. Bc3 Qf4 16. Rae1 Kb8 17. b3 Be7 18. Nf5 Bxf5 19. exf5 Bf6 20. Bxf6 gxf6
21. Qd5 Re5 22. Rxe5 Qxe5 23. Qxf7 Qxf5 24. Re1 b6 25. c4 h5 26. g3 Rc8 27. Re3
a6 28. h4 b5 29. cxb5 axb5 30. Kg2 Rh8 31. Rf3 Qe5 32. Rxf6 Qe4+ 33. Kh2 Rh7
34. Qg8+ Kb7 35. a4 bxa4 36. Rf4 Qb1 37. Qe8 c5 38. Qb5+ Kc7 39. Rxa4 Kd8 40.
Ra8+ Ke7 41. Qe2+ Kf6 42. Rf8+ Rf7 43. Qf3+ Ke5 44. Re8+ Kd4 45. Qe3+ Kd5 46.
Qe6+ Kc6 47. Qxf7 Qf5 48. Qxf5 Kb5 49. Qd5 Kb4 50. Qc4+ Ka3 51. Re2 d5 52. Qa4#
{Hossa checkmated} 1-0

[Event "ICS rated blitz match"]
[Site "204.178.125.65"]
[Date "2000.11.24"]
[Round "?"]
[White "Hossa"]
[Black "Tinker"]
[Result "0-1"]
[WhiteElo "2557"]
[BlackElo "2547"]
[PlyCount "116"]
[EventDate "2000.??.??"]

1. e4 c5 2. Nf3 d6 3. d4 cxd4 4. Nxd4 Nf6 5. Nc3 g6 6. Be3 Bg7 7. f3 O-O 8. Bc4
Nc6 9. Bb3 Bd7 10. Nde2 Na5 11. Qd3 Nxb3 12. axb3 Qc7 13. g4 Rfc8 14. h4 Kf8
15. h5 Ng8 16. hxg6 hxg6 17. g5 b5 18. b4 a6 19. Qd2 Qc6 20. Nd5 Rab8 21. Nd4
Qb7 22. Nb6 Qxb6 23. Ne6+ Bxe6 24. Bxb6 Rxb6 25. c3 Rbc6 26. Ra3 a5 27. bxa5 b4
28. cxb4 Rc1+ 29. Ke2 Rxh1 30. Ke3 Rb1 31. Rc3 Bxc3 32. bxc3 Rb3 33. Kd3 Bd7
34. Qc2 Ba4 35. Kd2 Rxb4 36. Qa2 Rbc4 37. a6 Bd7 38. Qb2 R4c7 39. Qa3 Ra8 40.
e5 dxe5 41. Qa5 Rca7 42. Qxe5 Rxa6 43. Qh8 Bf5 44. Ke3 Rc8 45. Qd4 Rac6 46. c4
Rxc4 47. Qh8 e5 48. Kf2 Rc2+ 49. Kg3 e4 50. Qa1 R8c3 51. Kh4 exf3 52. Qa8+ Kg7
53. Qa1 Ne7 54. Qe1 Rh2+ 55. Kg3 Rg2+ 56. Kf4 Rg4+ 57. Ke5 Rd3 58. Qc3 Rd5# {
Hossa checkmated} 0-1

[Event "ICS rated blitz match"]
[Site "204.178.125.65"]
[Date "2000.11.24"]
[Round "?"]
[White "Tinker"]
[Black "Hossa"]
[Result "0-1"]
[WhiteElo "2563"]
[BlackElo "2541"]
[PlyCount "90"]
[EventDate "2000.??.??"]

1. e4 e5 2. Nf3 Nc6 3. Bb5 a6 4. Ba4 Nf6 5. O-O Be7 6. Re1 b5 7. Bb3 d6 8. c3
O-O 9. h3 Na5 10. Bc2 c5 11. d4 Qc7 12. Nbd2 cxd4 13. cxd4 Bb7 14. Nf1 Rac8 15.
Re2 d5 16. dxe5 Nxe4 17. Ng3 Nxg3 18. fxg3 d4 19. Nxd4 Rfd8 20. Qd3 g6 21. e6
Bc5 22. e7 Bxe7 23. Bf4 Qd7 24. Rd1 Bc5 25. b4 Bxd4+ 26. Qxd4 Qxd4+ 27. Rxd4
Rxd4 28. bxa5 Bd5 29. a3 f6 30. Kh2 Rc3 31. Bd6 Be4 32. Bxe4 Rxd6 33. Ra2 Re3
34. Bb7 h5 35. Ra1 Kg7 36. g4 hxg4 37. hxg4 Kh6 38. a4 b4 39. Rb1 b3 40. Kg1
Kg5 41. Bf3 Rd2 42. Bb7 Rc3 43. Kf1 b2 44. Ke1 Rcc2 45. Bf3 Rd4 {Tinker resigns
} 0-1